Statistics for Random Anagrams - World Capitals

Click here to take the quiz!

General Stats

  • This quiz has been taken 206 times
  • The average score is 12 of 20

Answer Stats

HintCapital City% Correct
Mao KabBamako
100%
A KhadDhaka
100%
I LidDili
100%
Bongo EraGaborone
100%
Ah IonHanoi
100%
VikeKiev
100%
MoleLomé
100%
Maa A GunManagua
100%
Am A ManManama
100%
Out MapMaputo
100%
Coty Ice MixMexico City
100%
CosmowMoscow
100%
I CasinoNicosia
100%
PairsParis
100%
A PairPraia
100%
A BratRabat
100%
MoreRome
100%
LouseSeoul
100%
J PokesSkopje
100%
I SofaSofia
100%
Sit BiliTbilisi
100%
Hit HumpThimphu
100%
Ok ToyTokyo
100%
UnitsTunis
100%
Tell A VatValletta
100%
Activity CanVatican City
100%
Tie ViennaVientiane
100%
Newton GillWellington
100%
Jig Be InBeijing
83%
LibnerBerlin
83%
MailLima
83%
Liv In UsVilnius
83%
A IpaApia
80%
Bun LidDublin
80%
Aha VanHavana
80%
MealMalé
80%
SaunasNassau
80%
A Dusty Jerk Water ParanoiaSri
Jayawardenepura
Kotte
80%
Moths LockStockholm
80%
BagerzZagreb
80%
Man AmAmman
75%
Air BasilBrasília
75%
A DarkDakar
75%
A HodDoha
75%
Her AraHarare
75%
Don NolLondon
75%
At A TowOttawa
75%
CarcaAccra
67%
Large BedBelgrade
67%
TobagoBogotá
67%
RubslessBrussels
67%
Barn RaceCanberra
67%
ScariestCastries
67%
Odd MoaDodoma
67%
I G GateGitega
67%
Like ShinHelsinki
67%
Taj A RakJakarta
67%
Knot SignKingston
67%
PlazaLa Paz
67%
Da LunaLuanda
67%
Al AmboMalabo
67%
Abba MenMbabane
67%
KnimsMinsk
67%
Nuts NularNur-Sultan
67%
SoloOslo
67%
It QuoQuito
67%
Is A TangoSantiago
67%
DuvazVaduz
67%
Raw WasWarsaw
67%
An A ArkAnkara
60%
BujaJuba
60%
Did ArmMadrid
60%
Pay Day WinNaypyidaw
60%
I MeanyNiamey
60%
Has TenAthens
57%
In A BugBangui
57%
As AnaSana'a
57%
I Hub A BadAbu Dhabi
50%
A Bad BiasedAddis Ababa
50%
Is LargeAlgiers
50%
Smart DameAmsterdam
50%
Ciao NunsAsunción
50%
KuabBaku
50%
Bandanas Grew A BrieBandar Seri
Begawan
50%
Kong KabBangkok
50%
NerbBern
50%
Kesh BikBishkek
50%
Bias UsBissau
50%
Livable RazzBrazzaville
50%
Any RockConakry
50%
A Mass CudDamascus
50%
Nude BashDushanbe
50%
Worn FeetFreetown
50%
If Tuna UfFunafuti
50%
A BulkKabul
50%
Mark ThouKhartoum
50%
Knits GownKingstown
50%
Has A SkinKinshasa
50%
Lurk Up A MaulKuala Lumpur
50%
Slob InLisbon
50%
As LukaLusaka
50%
AnimalManila
50%
Naggy PonyPyongyang
50%
IgarRiga
50%
A RouseRoseau
50%
In Teas GorgesSaint George's
50%
Haj Sin TonsSaint John's
50%
At I PieTaipei
50%
As A RamAsmara
43%
I Chain UsChișinău
43%
Java RoseSarajevo
43%
Upset BadBudapest
40%
A Car SacCaracas
40%
Cut SamMuscat
40%
HyrdiaRiyadh
40%
LantnilTallinn
40%
Her AntTehran
40%
A No At NirvanaAntananarivo
33%
Bath SagaAshgabat
33%
A Bad HagBaghdad
33%
Serious BeanBuenos Aires
33%
I Bit JudoDjibouti
33%
Thank MaudKathmandu
33%
Icy Auk TwitKuwait City
33%
OmnivoraMonrovia
33%
In RoomMoroni
33%
Hen PomphPhnom Penh
33%
Novo ProtoPorto-Novo
33%
I Kavy JerkReykjavík
33%
Jean SosSan José
33%
Donating MoosSanto Domingo
33%
UvasSuva
33%
The TanksTashkent
33%
A TrainTirana
33%
Oil TripTripoli
33%
A Natural BaaUlaanbaatar
33%
Ear EnvyYerevan
33%
Elm Box GuruLuxembourg
29%
He Rubs CatBucharest
25%
Toon CouCotonou
25%
AmuserMaseru
25%
Damn JeanN'Djamena
25%
Lemur DangNgerulmud
25%
Captain YamPanama City
25%
Gear UpPrague
25%
Riot PearPretoria
25%
A War Thus ToaSouth Tarawa
25%
Noble MapBelmopan
20%
A Wept ConCape Town
20%
Smug IdahoMogadishu
20%
A Barrio MapParamaribo
20%
Apricot PrunePort-au-Prince
20%
OsteomaSão Tomé
20%
You DeanYaoundé
20%
Moove On DietMontevideo
17%
Good CapriPodgorica
17%
Tong SandwichWashington D.C.
17%
I OrcaCairo
14%
JabauAbuja
0%
Real Oral VandalAndorra la Vella
0%
JablunBanjul
0%
Best EraserBasseterre
0%
Rub TieBeirut
0%
Elf Boot In MenBloemfontein
0%
Vital ArabsBratislava
0%
Wrong DebitBridgetown
0%
Open ChangeCopenhagen
0%
Engorge TwoGeorgetown
0%
Actuality GameGuatemala City
0%
A Hair OnHoniara
0%
Bad SalamiIslamabad
0%
James RuleJerusalem
0%
A.K.A. LampKampala
0%
GailikKigali
0%
Liver LibelLibreville
0%
Glow LineLilongwe
0%
Bull JajanLjubljana
0%
Our JamMajuro
0%
Co ComaMonaco
0%
Bio RainNairobi
0%
Held WineNew Delhi
0%
Unhook TaktNouakchott
0%
U Fun KoalaNukuʻalofa
0%
Uga Uda GoouOuagadougou
0%
Lair KipPalikir
0%
Sour PilotPort Louis
0%
Embryo SportPort Moresby
0%
Parsnip FootPort-of-Spain
0%
Rival PotPort Vila
0%
Strip PainPristina
0%
Main SonarSan Marino
0%
Vandals SoarSan Salvador
0%
Spa RegionSingapore
0%
CurseSucre
0%
Glaciate PugTegucigalpa
0%
CriativoVictoria
0%
In VainVienna
0%
Hike DownWindhoek
0%
Soak Your SumoYamoussoukro
0%
An RyeYaren
0%

Score Distribution

Percentile by Number Answered

Percent of People with Each Score

Your Score History

You have not taken this quiz